[Event "Titled Tuesday intern op 19th Sep Early"]
[Site "Chess.com INT"]
[Date "2023.09.19"]
[Round "8"]
[White "Hrebenshchykova, Yelyzaveta"]
[Black "Yuruultei, Batbaatar"]
[Result "0-1"]
[WhiteElo "2324"]
[BlackElo "1433"]
[PlyCount "64"]
[EventDate "2023.09.19"]
[EventType "swiss (blitz)"]
[EventRounds "11"]
[EventCountry "USA"]
[SourceTitle "EXT 2024"]
[Source "ChessBase"]
[SourceDate "2023.10.10"]
[SourceVersion "1"]
[SourceVersionDate "2023.10.10"]
[SourceQuality "1"]

1. Nf3 Nf6 2. g3 g6 3. Bg2 Bg7 4. 0-0 0-0 5. c4 d6 6. d4 c6 7. Nc3 Bf5 8. Re1 Ne4 9. Qb3 Qc8 10. Nh4 Nxc3 11. bxc3 Be6 12. e4 Na6 13. f4 b5 14. Bf1 Rb8 15. Bd2 bxc4 16. Qc2 d5 17. f5 Bd7 18. exd5 cxd5 19. Rxe7 Bf6 20. Rxd7 Qxd7 21. Bh3 Qb7 22. Rf1 Bg7 23. f6 Bh8 24. Bg5 Qb2 25. Qa4 Nc7 26. Rf3 Qb1+ 27. Rf1 Qd3 28. Qa5 Nb5 29. Bg2 Qxc3 30. Qxc3 Nxc3 31. Nf3 Rfd8 32. Ne5 h6 0-1

[Event "Titled Tuesday intern op 19th Sep Early"]
[Site "Chess.com INT"]
[Date "2023.09.19"]
[Round "3"]
[White "Portela Peleteiro, Alberto"]
[Black "Yuruultei, Batbaatar"]
[Result "0-1"]
[WhiteElo "2329"]
[BlackElo "1433"]
[PlyCount "74"]
[EventDate "2023.09.19"]
[EventType "swiss (blitz)"]
[EventRounds "11"]
[EventCountry "USA"]
[SourceTitle "EXT 2024"]
[Source "ChessBase"]
[SourceDate "2023.10.10"]
[SourceVersion "1"]
[SourceVersionDate "2023.10.10"]
[SourceQuality "1"]

1. e4 c5 2. Ne2 e6 3. g3 Nc6 4. Bg2 Nf6 5. 0-0 d6 6. c3 Bd7 7. d4 cxd4 8. cxd4 Be7 9. Nbc3 0-0 10. h3 d5 11. e5 Ne8 12. Be3 a6 13. f4 b5 14. Qd2 f6 15. Rac1 Qb6 16. Kh1 Na5 17. b3 Rc8 18. f5 Nc7 19. Nf4 Rcd8 20. fxe6 Bxe6 21. Nxe6 Qxe6 22. Nxb5 Nxb5 23. Qxa5 fxe5 24. Rxf8+ Bxf8 25. dxe5 Qxe5 26. Bf4 Qb2 27. Rd1 d4 28. Qxa6 Nc3 29. Qe6+ Kh8 30. Rf1 Bb4 31. Bd6 Bxd6 32. Qxd6 Rg8 33. Qxd4 Qc2 34. Qc4 Qd2 35. a4 Ne2 36. Kh2 Qe3 37. Rf3 Qg1# 0-1

[Event "Titled Tuesday intern op 29th Aug Early"]
[Site "Chess.com INT"]
[Date "2023.08.29"]
[Round "6"]
[White "Lehtosaari, Mauri"]
[Black "Yuruultei, Batbaatar"]
[Result "1-0"]
[WhiteElo "2138"]
[BlackElo "1433"]
[PlyCount "95"]
[EventDate "2023.08.29"]
[EventType "swiss (blitz)"]
[EventRounds "11"]
[EventCountry "USA"]
[SourceTitle "EXT 2024"]
[Source "ChessBase"]
[SourceDate "2023.10.10"]
[SourceVersion "1"]
[SourceVersionDate "2023.10.10"]
[SourceQuality "1"]

1. d4 Nf6 2. Nf3 g6 3. Bg5 Bg7 4. Nbd2 d5 5. e3 0-0 6. Be2 Nbd7 7. 0-0 c5 8. c4 cxd4 9. exd4 dxc4 10. Nxc4 b6 11. Nfe5 Bb7 12. Bf3 Bxf3 13. Qxf3 Nxe5 14. dxe5 Nd7 15. Rfd1 Qe8 16. e6 fxe6 17. Qg4 Nc5 18. Be3 Qf7 19. Bxc5 bxc5 20. Rd2 Rad8 21. Rad1 h5 22. Qe2 Rxd2 23. Rxd2 Qf5 24. b3 Bd4 25. g3 e5 26. Kg2 e4 27. Ne3 Qf3+ 28. Kg1 e5 29. Ng2 Qc3 30. Ne3 Rxf2 31. Kxf2 Qa1 32. Kg2 Kh7 33. Rd1 Qc3 34. Nd5 Qa5 35. Nf6+ Kh6 36. Nxe4 Qc7 37. Qf3 Qb7 38. Qf8+ Kh7 39. Qf3 Qa6 40. Rd2 Qb6 41. Ng5+ Kh6 42. h4 Qc7 43. Qf8+ Qg7 44. Qxg7+ Kxg7 45. Kf3 Kf6 46. Ke4 Ke7 47. Rc2 Kd6 48. Nf3 1-0

[Event "Titled Tuesday intern op 29th Aug Early"]
[Site "Chess.com INT"]
[Date "2023.08.29"]
[Round "2"]
[White "Mahdavi, Reza"]
[Black "Yuruultei, Batbaatar"]
[Result "1-0"]
[WhiteElo "2302"]
[BlackElo "1433"]
[PlyCount "49"]
[EventDate "2023.08.29"]
[EventType "swiss (blitz)"]
[EventRounds "11"]
[EventCountry "USA"]
[SourceTitle "EXT 2024"]
[Source "ChessBase"]
[SourceDate "2023.10.10"]
[SourceVersion "1"]
[SourceVersionDate "2023.10.10"]
[SourceQuality "1"]

1. d4 Nf6 2. c4 g6 3. Nc3 Bg7 4. e4 d6 5. Be2 0-0 6. Be3 e5 7. d5 a5 8. g4 Nfd7 9. h4 Na6 10. g5 f5 11. gxf6 Nxf6 12. h5 Nc5 13. hxg6 Ncxe4 14. gxh7+ Kh8 15. Nxe4 Nxe4 16. Nf3 Bg4 17. Nh4 Bf5 18. Nxf5 Rxf5 19. Bd3 Nxf2 20. Bxf2 Rxf2 21. Kxf2 Qf6+ 22. Qf3 Qg5 23. Ke2 Rf8 24. Qxf8+ Bxf8 25. Rag1 1-0

[Event "Titled Tuesday intern op 22nd Aug Early"]
[Site "Chess.com INT"]
[Date "2023.08.22"]
[Round "8"]
[White "Kovalevsky, Stanislav"]
[Black "Yuruultei, Batbaatar"]
[Result "1-0"]
[WhiteElo "2163"]
[BlackElo "1433"]
[PlyCount "65"]
[EventDate "2023.08.22"]
[EventType "swiss (blitz)"]
[EventRounds "11"]
[EventCountry "USA"]
[SourceTitle "EXT 2024"]
[Source "ChessBase"]
[SourceDate "2023.10.10"]
[SourceVersion "1"]
[SourceVersionDate "2023.10.10"]
[SourceQuality "1"]

1. e4 c5 2. f4 e6 3. Nc3 Nc6 4. Nf3 g6 5. h4 Bg7 6. h5 Nge7 7. h6 Bd4 8. e5 Nf5 9. Ne4 0-0 10. c3 d5 11. Nf6+ Kh8 12. cxd4 cxd4 13. Ng5 d3 14. Nfxh7 Nb4 15. Qb3 Nd4 16. Qc3 Nbc2+ 17. Kd1 Bd7 18. Nxf8 Qxf8 19. Bxd3 Rc8 20. Qxc8 Bxc8 21. Bxc2 Nxc2 22. Kxc2 Bd7 23. d4 Bb5 24. Bd2 Qc8+ 25. Bc3 Qc4 26. Nxf7+ Kh7 27. Ng5+ Kh8 28. h7 Qd3+ 29. Kc1 Qe3+ 30. Bd2 Qxd4 31. Nf7+ Kg7 32. h8Q+ Kxf7 33. Rh7# 1-0

[Event "Titled Tuesday intern op 22nd Aug Early"]
[Site "Chess.com INT"]
[Date "2023.08.22"]
[Round "7"]
[White "Yuruultei, Batbaatar"]
[Black "Feliz Dotel, Dewar Bienvenido"]
[Result "1-0"]
[WhiteElo "1433"]
[BlackElo "1984"]
[PlyCount "51"]
[EventDate "2023.08.22"]
[EventType "swiss (blitz)"]
[EventRounds "11"]
[EventCountry "USA"]
[SourceTitle "EXT 2024"]
[Source "ChessBase"]
[SourceDate "2023.10.10"]
[SourceVersion "1"]
[SourceVersionDate "2023.10.10"]
[SourceQuality "1"]

1. d4 d5 2. c4 e6 3. Nc3 c5 4. cxd5 exd5 5. Nf3 Nc6 6. g3 Nf6 7. Bg2 Be7 8. 0-0 0-0 9. dxc5 Bxc5 10. Bg5 Be6 11. Rc1 Be7 12. Nd4 Nxd4 13. Qxd4 h6 14. Be3 Qa5 15. Rfd1 Ng4 16. Nxd5 Bxd5 17. Bxd5 Nxe3 18. Qxe3 Bf6 19. Bxb7 Rab8 20. Rd7 Qxa2 21. Rcc7 Rbe8 22. Qf3 Qxb2 23. Bd5 Rxe2 24. Rxf7 Rxf7 25. Bxf7+ Kf8 26. Qa8+ 1-0

[Event "Titled Tuesday intern op 15th Aug Early"]
[Site "Chess.com INT"]
[Date "2023.08.15"]
[Round "3"]
[White "Kuznecova, Marija"]
[Black "Yuruultei, Batbaatar"]
[Result "0-1"]
[WhiteElo "2023"]
[BlackElo "1433"]
[PlyCount "102"]
[EventDate "2023.08.15"]
[EventType "swiss (blitz)"]
[EventRounds "11"]
[EventCountry "USA"]
[SourceTitle "EXT 2024"]
[Source "ChessBase"]
[SourceDate "2023.10.10"]
[SourceVersion "1"]
[SourceVersionDate "2023.10.10"]
[SourceQuality "1"]

1. e4 c5 2. Nf3 e6 3. d4 cxd4 4. Nxd4 Nc6 5. Nc3 Qc7 6. Be3 a6 7. Qd2 Nf6 8. 0-0-0 Be7 9. f3 0-0 10. g4 b5 11. h4 Ne5 12. h5 Bb4 13. g5 Ne8 14. f4 Ng4 15. f5 Nxe3 16. Qxe3 Bxc3 17. bxc3 Qa5 18. g6 fxg6 19. hxg6 h6 20. e5 Qa3+ 21. Kd2 exf5 22. Rxh6 gxh6 23. Qxh6 Qe7 24. Bd3 Qg7 25. Qh5 d6 26. e6 Nf6 27. Qg5 Ne4+ 28. Bxe4 fxe4 29. Nf5 Rxf5 30. Qxf5 Bb7 31. Rh1 Rf8 32. e7 Qxe7 33. Rh7 Rxf5 34. Rxe7 Bc6 35. Rc7 Bd5 36. Rd7 Rf6 37. Ra7 Rxg6 38. Rxa6 Kf7 39. Ke3 Rg3+ 40. Kd4 Ke6 41. a4 bxa4 42. Rxa4 Rg1 43. c4 Rd1+ 44. Ke3 Bc6 45. Ra6 Be8 46. c5 Ke5 47. Rxd6 Re1+ 48. Kd2 Rh1 49. Rd8 Rh2+ 50. Ke3 Rh3+ 51. Kf2 Bh5 0-1

[Event "Titled Tuesday intern op 08th Aug Early"]
[Site "Chess.com INT"]
[Date "2023.08.08"]
[Round "11"]
[White "Novikova, Margarita"]
[Black "Yuruultei, Batbaatar"]
[Result "1-0"]
[WhiteElo "1995"]
[BlackElo "1433"]
[PlyCount "60"]
[EventDate "2023.08.08"]
[EventType "swiss (blitz)"]
[EventRounds "11"]
[EventCountry "USA"]
[SourceTitle "EXT 2024"]
[Source "ChessBase"]
[SourceDate "2023.10.10"]
[SourceVersion "1"]
[SourceVersionDate "2023.10.10"]
[SourceQuality "1"]

1. e4 c5 2. Nc3 e6 3. d3 Nc6 4. g3 Nf6 5. Bg2 a6 6. Nge2 d5 7. exd5 exd5 8. 0-0 Bg4 9. h3 Bh5 10. g4 Bg6 11. f4 h6 12. f5 Bh7 13. Nf4 d4 14. Re1+ Be7 15. Ncd5 0-0 16. Nxe7+ Nxe7 17. Bxb7 Rb8 18. Bxa6 Ned5 19. Bc4 Qd6 20. Qf3 Nb4 21. Bb3 Nd7 22. a3 Ne5 23. Qe2 Rfe8 24. axb4 Nf3+ 25. Qxf3 Rxe1+ 26. Kf2 Rbe8 27. Ra8 Rxa8 28. Qxa8+ Re8 29. Qxe8+ Qf8 30. Qxf8+ Kxf8 1-0

[Event "Titled Tuesday intern op 08th Aug Early"]
[Site "Chess.com INT"]
[Date "2023.08.08"]
[Round "1"]
[White "Yuruultei, Batbaatar"]
[Black "Martins, Bruno Andre Leite"]
[Result "0-1"]
[WhiteElo "1433"]
[BlackElo "2346"]
[PlyCount "160"]
[EventDate "2023.08.08"]
[EventType "swiss (blitz)"]
[EventRounds "11"]
[EventCountry "USA"]
[SourceTitle "EXT 2024"]
[Source "ChessBase"]
[SourceDate "2023.10.10"]
[SourceVersion "1"]
[SourceVersionDate "2023.10.10"]
[SourceQuality "1"]

1. d4 Nf6 2. c4 e6 3. Nf3 d5 4. g3 c5 5. Bg2 cxd4 6. Nxd4 Nc6 7. 0-0 Bc5 8. Be3 Qb6 9. Nxc6 Bxe3 10. Ne5 Bd4 11. Nd3 dxc4 12. e3 cxd3 13. exd4 Qxd4 14. Nc3 0-0 15. Nb5 Qd7 16. Qb3 a6 17. Nc3 Rd8 18. Na4 Rb8 19. Rfd1 b5 20. Nc5 Qe7 21. Nxd3 Bb7 22. Ne5 Bxg2 23. Kxg2 Qb7+ 24. Qf3 Nd5 25. Rac1 Rbc8 26. a3 f6 27. Rxc8 Qxc8 28. Nd3 Qc2 29. Rc1 Qxd3 30. Qxd3 Nf4+ 31. gxf4 Rxd3 32. Rc6 a5 33. Rxe6 Rb3 34. Re2 Kf7 35. Rc2 Kg6 36. f3 a4 37. Kg3 Kf5 38. Rc5+ Ke6 39. Rc6+ Kd5 40. Rc2 Kd4 41. Kf2 h5 42. h4 Kd3 43. Rc7 Rxb2+ 44. Kg3 b4 45. axb4 a3 46. Rxg7 a2 47. Ra7 Kc2 48. b5 Kb1 49. b6 Rxb6 50. f5 Rb4 51. f4 a1Q 52. Rxa1+ Kxa1 53. Kf3 Kb2 54. Kf2 Kc3 55. Ke3 Kc4 56. Ke4 Rb5 57. Ke3 Rxf5 58. Kf3 Kd4 59. Kg3 Ke4 60. Kh3 Kxf4 61. Kh2 Kg4 62. Kg2 Kxh4 63. Kh2 Rf2+ 64. Kg1 Kg3 65. Kh1 h4 66. Kg1 h3 67. Kh1 f5 68. Kg1 f4 69. Kh1 f3 70. Kg1 Ra2 71. Kh1 Rh2+ 72. Kg1 f2+ 73. Kf1 Rh1+ 74. Ke2 f1Q+ 75. Ke3 Qf3+ 76. Kd2 Rd1+ 77. Kc2 h2 78. Kb2 h1Q 79. Ka2 Ra1+ 80. Kb2 Qc1# 0-1

[Event "Ulaanbaatar Mica op"]
[Site "Ulaanbaatar"]
[Date "2022.06.21"]
[Round "9"]
[White "Yuruultei, Batbaatar"]
[Black "Azjargal, Erdenebat"]
[Result "0-1"]
[WhiteElo "1252"]
[BlackElo "1684"]
[PlyCount "82"]
[EventDate "2022.06.17"]
[EventType "swiss"]
[EventRounds "9"]
[EventCountry "MGL"]
[SourceTitle "EXT 2023"]
[Source "ChessBase"]
[SourceDate "2022.10.05"]
[SourceVersion "1"]
[SourceVersionDate "2022.10.05"]
[SourceQuality "1"]

1. d4 Nf6 2. c4 d6 3. Nc3 e5 4. Nf3 Nbd7 5. e4 exd4 6. Nxd4 g6 7. Be2 Bg7 8. 0-0 0-0 9. Be3 Re8 10. f3 c6 11. Qd2 Qe7 12. Bf2 Nc5 13. Rad1 a5 14. Rfe1 Bd7 15. Bf1 Red8 16. b3 Be8 17. Bg3 Nh5 18. Bf2 Ne6 19. Nxe6 Qxe6 20. Ne2 a4 21. b4 Bf8 22. Nf4 Nxf4 23. Qxf4 Bg7 24. a3 Bc3 25. Re3 Be5 26. Qh4 c5 27. bxc5 Bf6 28. Qg3 dxc5 29. Rxd8 Rxd8 30. e5 Be7 31. Rd3 Rxd3 32. Bxd3 b5 33. cxb5 Qb3 34. f4 Bxb5 35. Bxb5 Qxb5 36. f5 Qb1+ 37. Be1 Qxf5 38. Qc3 Qe4 39. h3 c4 40. Qa5 Qc6 41. Bd2 Qc5+ 0-1